000 00779nam a22002657a 4500
001 0074
003 DO-SdBNP
005 20240723105504.0
007 0074
008 151207b1990 cl ||| 00| 0 spa d
020 _a9583000043
040 _aBPMSU
_bspa
_cBPMSU
082 4 _a863.3
_bQ5h 1990
_222
092 _axxxxxxx
_bxxxxxxx
100 1 _aQuevedo, Francisco de
245 1 0 _aHistoria de la vida del Buscón /
_cFrancisco de Quevedo
260 _aBogotá, Colombia :
_bPanamericana,
_c1990.
300 _a217 p. ;
_c16 cm.
500 _aIncluye referencias bibliográficas y notas al pie de las páginas
590 _aInventariado, 2024/VM
650 4 _aNovela española
650 4 _aSátira española
910 _aVMateo V. Control de calidad. BPMSU
942 _2ddc
_cBK
999 _c9016
_d9016